00486nam a2200193 a 4500001001300000003000900013005001700022008004100039020001000080082001600090100001500106245005400121260003400175300000900209500003500218505001000253650001400263700001500277nice12345678IN_TiNIC20260116011519.0050524s1869 lona grp 000 0 eng  ac10000a340.58bGRA aGrady, S C aInstitutes of Hindu Law Or the Ordinances of Manu aLondonbAllen and Unwinc1869 a340p aincludes index and biblioraphy2 aindex aManu-Laws1 aGrady, S C